| 000 | 00908nam a2200253 i 4500 | ||
|---|---|---|---|
| 001 | bg | ||
| 245 |
_aExkursionsflora von Deutschland. _nBd 3, _pGefßpflanzen : Atlasband / _cbegr. von Werner Rothmaler ; hrsg. von Eckehart J. Jäger und Klaus Werner |
||
| 250 | _a10. durchges. Aufl. | ||
| 260 |
_aHeidelberg ; _aBerlin : _bSpektrum Akademischer Verlag, _c2000. |
||
| 300 |
_a753 s. : _bil. ; _c20 cm. |
||
| 504 | _aBibliogr. - Indeks. | ||
| 650 | 9 |
_aRośliny naczyniowe _xsystematyka _zNiemc |
|
| 700 |
_aROTHMALER, Werner. _eOprac |
||
| 700 |
_aJÄGER, Eckehart J. _eRed. |
||
| 700 | 1 |
_aWERNER, Klaus. _eRed. |
|
| 020 | _a3827409268 | ||
| 040 | _cBPK | ||
| 041 | 0 | _ager | |
| 080 | _a582.35+582.4](430)(084.4) | ||
| 920 | _a3-8274-0926-8 | ||
| 942 | _cKS | ||
| 008 | s pl f |000 0 pol | ||
| 999 |
_c40801 _d40801 |
||
| 856 |
_uhttp://koha.tu.koszalin.pl/cgi-bin/koha/opac-detail.pl?biblionumber=40801 _yKatalog online BPK |
||